00522nam a2200193 a 4500001001300000003000900013005001700022008004100039020001000080082001600090100002000106245003900126260004900165300000800214500003500222505002800257650002300285700002000308nice12345678IN_TiNIC20260116012252.0050524s1949 pria grp 000 0 ara  ac10000a492.78bZIA aZiadeh, Farhath aArabic Primer, Mubadi Al Arabiytah aPrincetonbPrinceton University Press c1949 a47p aincludes index and biblioraphy2 aIndex to preface, notes aArabic-Course Book1 aZiadeh, Farhath